书目信息 |
| 题名: |
多民族国家的人类学
|
|
| 作者: | 徐新建 著 | |
| 分册: | ||
| 出版信息: | 北京 中国社会科学出版社 2021.05 |
|
| 页数: | 336页 | |
| 开本: | 24cm | |
| 丛书名: | 中国多民族文化研究文库 | |
| 单 册: | ||
| 中图分类: | C95 | |
| 科图分类: | ||
| 主题词: | 多民族国家--duo min zu guo jia--民族人类学--研究 | |
| 电子资源: | ||
| ISBN: | 978-7-5203-7969-4 | |
| 000 | 01242nam 2200289 450 | |
| 001 | CAL 0120217185695 | |
| 005 | 20230217093112.0 | |
| 010 | @a978-7-5203-7969-4@dCNY118.00 | |
| 100 | @a20210602d2021 em y0chiy0120 ea | |
| 101 | 0 | @achi |
| 102 | @aCN@b110000 | |
| 105 | @ay a 000yy | |
| 106 | @ar | |
| 200 | 1 | @a多民族国家的人类学@Aduo min zu guo jia de ren lei xue@f徐新建著 |
| 210 | @a北京@c中国社会科学出版社@d2021.05 | |
| 215 | @a336页@d24cm | |
| 225 | 2 | @a中国多民族文化研究文库@Azhong guo duo min zu wen hua yan jiu wen ku |
| 300 | @a本书受教育部人文社科重点基地四川大学中国俗文化研究所出版项目资助 | |
| 314 | @a徐新建, 文学博士, 四川大学中国俗文化研究所教授。 | |
| 320 | @a有书目 | |
| 330 | @a本书立足中华民族“多元一体”格局及其与世界各民族的跨文化交往, 梳理和总结人类学的中国故事。全书内容包括对西学东渐后人类学本土化问题的学科性思辨, 同时也涉及了与之相关的个案论述。其中既有关于多民族中国的总体论述及夷夏关联的田野调研, 也包括了以北美、不列颠及俄罗斯等地为例所做的跨文明比较。 | |
| 410 | 0 | @12001 @a中国多民族文化研究文库 |
| 606 | 0 | @a多民族国家@Aduo min zu guo jia@x民族人类学@x研究 |
| 690 | @aC95@v5 | |
| 701 | 0 | @a徐新建@Axu xin jian@4著 |
| 801 | 0 | @aCN@bBJXHZP@c20230228 |
| 905 | @b1381343-6@dC95@e138@f4 | |
| 多民族国家的人类学/徐新建著.-北京:中国社会科学出版社,2021.05 |
| 336页;24cm.-(中国多民族文化研究文库) |
| 本书受教育部人文社科重点基地四川大学中国俗文化研究所出版项目资助 |
| ISBN 978-7-5203-7969-4:CNY118.00 |
| 本书立足中华民族“多元一体”格局及其与世界各民族的跨文化交往, 梳理和总结人类学的中国故事。全书内容包括对西学东渐后人类学本土化问题的学科性思辨, 同时也涉及了与之相关的个案论述。其中既有关于多民族中国的总体论述及夷夏关联的田野调研, 也包括了以北美、不列颠及俄罗斯等地为例所做的跨文明比较。 |
| ● |
| 相关链接 |
|
|
|
|
正题名:多民族国家的人类学
索取号:C95/138
 
预约/预借
| 序号 | 登录号 | 条形码 | 馆藏地/架位号 | 状态 | 备注 |
| 1 | 1381343 | 213813435 | 第一样本阅览室/ [索取号:C95/138] | 在馆 | |
| 2 | 1381344 | 213813444 | 第一借阅区/ [索取号:C95/138] | 在馆 | |
| 3 | 1381345 | 213813453 | 第一借阅区/ [索取号:C95/138] | 在馆 | |
| 4 | 1381346 | 213813462 | 第一借阅区/ [索取号:C95/138] | 在馆 |